Planeación estratégica para áreas funcionales : (Registro nro. 61901)
[ vista simple ]
| 000 -LEADER | |
|---|---|
| fixed length control field | 01130cam a2200301 i 4500 |
| 001 - CONTROL NUMBER | |
| control field | 61901 |
| 003 - CONTROL NUMBER IDENTIFIER | |
| control field | Mx-PuUPA |
| 005 - DATE AND TIME OF LATEST TRANSACTION | |
| control field | 20220620093144.0 |
| 008 - FIXED-LENGTH DATA ELEMENTS--GENERAL INFORMATION | |
| fixed length control field | 141210s2012 mx a gr 001 0 spa d |
| 020 ## - INTERNATIONAL STANDARD BOOK NUMBER | |
| International Standard Book Number | 9786077074274 |
| 040 ## - CATALOGING SOURCE | |
| Original cataloging agency | Mx-PuUPA |
| Language of cataloging | spa |
| Transcribing agency | Mx-PuUPA |
| Modifying agency | Mx-PuUPA |
| Description conventions | rda |
| 041 0# - LANGUAGE CODE | |
| Language code of text/sound track or separate title | spa |
| 245 10 - TITLE STATEMENT | |
| Title | Planeación estratégica para áreas funcionales : |
| Remainder of title | guía práctica / |
| Statement of responsibility, etc. | Alejandro Eugenio Lerma y Kirchner, Sergio Bárcena Juárez |
| 250 ## - EDITION STATEMENT | |
| Edition statement | Primera edición |
| 264 #1 - PRODUCTION, PUBLICATION, DISTRIBUTION, MANUFACTURE, AND COPYRIGHT NOTICE | |
| Place of production, publication, distribution, manufacture | Ciudad de México : |
| Name of producer, publisher, distributor, manufacturer | Alfaomega Grupo Editor, |
| Date of production, publication, distribution, manufacture, or copyright notice | 2012 |
| -- | ©2016 |
| 300 ## - PHYSICAL DESCRIPTION | |
| Extent | xxiv, 328 paginas : |
| Other physical details | ilustraciones ; |
| Dimensions | 23 cm. |
| 336 ## - CONTENT TYPE | |
| Content type term | texto |
| Fuente | rdacontent |
| Content type code | txt |
| 337 ## - MEDIA TYPE | |
| Media type term | sin medio |
| Source | rdamedia |
| Media type code | n |
| 338 ## - CARRIER TYPE | |
| Carrier type term | volumen |
| Source | rdacarrier |
| Carrier type code | nc |
| 500 ## - GENERAL NOTE | |
| General note | Reimpresiones: (Trigésima primera, septiembre 2019). |
| 650 #4 - SUBJECT ADDED ENTRY--TOPICAL TERM | |
| Topical term or geographic name entry element | Planeación estratégica |
| 650 #4 - SUBJECT ADDED ENTRY--TOPICAL TERM | |
| Topical term or geographic name entry element | Planificación de negocios |
| 700 1# - ADDED ENTRY--PERSONAL NAME | |
| Personal name | Bárcena Juárez, Sergio, |
| Relator term | autor |
| 942 ## - ADDED ENTRY ELEMENTS (KOHA) | |
| Source of classification or shelving scheme | Dewey Decimal Classification |
| Classification part | 658.4012 |
| Item part | L614 |
| Koha item type | Libro |
| Withdrawn status | Lost status | Source of classification or shelving scheme | Damaged status | Not for loan | Collection code | Home library | Current library | Shelving location | Date acquired | Source of acquisition | Total Checkouts | Full call number | Barcode | Date last seen | Date last checked out | Price effective from | Koha item type | Cost, normal purchase price | Total Renewals | Cost, replacement price | Copy number |
|---|---|---|---|---|---|---|---|---|---|---|---|---|---|---|---|---|---|---|---|---|---|
| Dewey Decimal Classification | General | Biblioteca Karol Wojtyla | Biblioteca Karol Wojtyla | Sala general | 15/04/2024 | 1 | 1 | 658.4012 L614 2012 | 102251 | 05/01/2026 | 01/03/2024 | 15/04/2024 | Libro | 269.00 | 1 | 269.00 | |||||
| Dewey Decimal Classification | General | Biblioteca Karol Wojtyla | Biblioteca Karol Wojtyla | Sala general | 15/04/2024 | 1 | 1 | 658.4012 L614 2012 | 102252 | 05/01/2026 | 02/04/2024 | 15/04/2024 | Libro | 269.00 | 1 | 269.00 | Ej.2 | ||||
| Dewey Decimal Classification | General | Tehuacán | Tehuacán | Sala general | 10/12/2014 | Compra | 658.1 LER | 509575 | 16/04/2024 | 28/09/2017 | 10/12/2014 | Libro | |||||||||
| Dewey Decimal Classification | General | Tehuacán | Tehuacán | Sala general | 10/12/2014 | Compra | 658.1 LER | 509574 | 08/01/2025 | 05/06/2015 | 10/12/2014 | Libro | |||||||||
| Dewey Decimal Classification | General | Tehuacán | Tehuacán | Sala general | 28/06/2016 | Compra | 658.1 LER 2012 | 510238 | 08/01/2025 | 28/06/2016 | Libro |